50 Biggest Cities in The Guianas on a Blank Map - Statistics

General Stats
  • This quiz has been taken 436 times
  • The average score is 8 of 50
Answers on the Map
Answers color-coded by a green-red scale on the quiz's map according to % correct below.
 
Answer Stats
Answer Population % Correct
Georgetown 118 369
97%
Paramaribo 240 924
95%
Cayenne 63 652
87%
Ciudad Bolívar 335 208
45%
Ciudad Guayana 672 651
45%
Macapá 491 020
37%
New Amsterdam 15 373
31%
Kourou 24 959
22%
Saint-Laurent-du-Maroni 45 576
20%
Lelydorp 18 663
19%
Linden 28 674
19%
Puerto Ayacucho 84 114
19%
Santana 120 480
19%
Mana 11 234
18%
Upata 72 152
15%
Nieuw Nickerie 12 818
14%
Oiapoque 17 650
14%
Anna Regina 11 133
13%
Tucupita 86 487
13%
Moengo 10 834
12%
Matoury 32 942
11%
Porto Grande 14 440
11%
Laranjal do Jari 48 740
10%
Caicara del Orinoco 31 891
9%
El Callao 20 889
9%
Macouria 15 602
9%
Remire-Montjoly 26 143
9%
Ciudad Piar 13 157
8%
Tumeremo 27 271
8%
Meerzorg 12 405
7%
Better Hope 15 243
6%
Guasipati 19 840
6%
Lusignan 18 928
6%
Santa Elena de Uairén 14 087
6%
Vitória do Jari 13 470
6%
De Nieuwe Grond 26 161
5%
Golden Grove 23 129
5%
Maripasoula 11 994
5%
Paradise 16 332
5%
Vreed en Hoop 11 590
5%
Corriverton 10 242
4%
Houttuin 15 656
4%
Koewarasan 27 713
4%
Kwatta 14 151
3%
Saramacca Polder 10 217
3%
El Triunfo 10 990
2%
Fazendinha 11 880
2%
Pozo Verde 17 955
2%
Sierra Imataca 10 058
2%
Tuchen 12 219
2%
No matching quizzes found
Score Distribution
Percent of People with Each Score
Percentile by Number Answered
Your Score History
You have not taken this quiz